00493cam3a220018100 4500001001200000003000500012005001700017008004100034035001900075035002200094040000900116100003200125245002800157250001900185260003200204650006900236004000600305tmp15413047UPRA20190815093225.0950809s1964 nyu eng u a(Sirsi) r32787 a(UPRA)tmp15413047 cUPRA1 aGrombach, John V.6A96582.114aThe 1964 Olympic guide. a[Student ed.]. a[New York] :bAvon,c[1964] 0aOlympics -- Revival, 1896-xOlympics -- Revival, 1896-6S69884.132787